[Event "XtraCon-Skakligaen"]
[Site "Denmark"]
[Date "2013.03.09"]
[Round "8.5"]
[White "Bromann, Thorbjorn"]
[Black "Rewitz, Poul"]
[Result "1-0"]
[WhiteElo "2378"]
[BlackElo "2252"]
[PlyCount "133"]
[EventDate "2012.10.27"]
[EventType "team-tourn"]
[EventRounds "9"]
[WhiteTeam "Bronshoj"]
[BlackTeam "SK1968"]
[WhiteTeamCountry "DEN"]
[BlackTeamCountry "DEN"]

1. d4 Nf6 2. Nc3 d5 3. Bg5 Bf5 4. f3 h6 5. Bh4 Bh7 6. Qd2 e6 7. O-O-O Be7 8.
Qe1 b5 9. Nxb5 Nbd7 10. Qa5 O-O 11. Bg3 Rb8 12. e4 Rb7 13. e5 Nh5 14. Be1 Qb8
15. Nh3 c5 16. g4 cxd4 17. Nxd4 Rxb2 18. Bb5 Nxe5 19. Bc3 Nc4 20. Bxc4 Rb1+ 21.
Kd2 Rxd1+ 22. Rxd1 dxc4 23. Qxh5 Qxh2+ 24. Kc1 Rb8 25. Qa5 Bf6 26. Nf5 exf5 27.
Bxf6 gxf6 28. gxf5 Qxh3 29. Qc7 Qxf5 30. Qxb8+ Kg7 31. Qg3+ Bg6 32. Rd2 c3 33.
Rd3 Qc5 34. f4 Qa3+ 35. Kd1 Qxa2 36. Rxc3 Qa1+ 37. Ke2 Qa5 38. Kf2 Kh7 39. Qe3
Qh5 40. Qg3 a5 41. Ke3 Qd1 42. Qf2 Qd5 43. Qf3 Qf5 44. Kd4 Qb5 45. Qd5 Qf1 46.
Qd6 Qf2+ 47. Kc4 Bxc2 48. Qxf6 Bg6 49. Kb5 Qa2 50. Rc5 Qb3+ 51. Kxa5 Qa3+ 52.
Kb6 Qb3+ 53. Kc7 Qa3 54. Qd6 Qa7+ 55. Kd8 Qa8+ 56. Rc8 Qa5+ 57. Rc7 Qa8+ 58.
Ke7 Qe4+ 59. Kd8 Qa8+ 60. Rc8 Qa5+ 61. Ke7 Qf5 62. Rb8 Qc2 63. Qe5 f6 64. Kxf6
Qc6+ 65. Ke7 Be4 66. Rh8+ Kg6 67. Rg8+ 1-0

[Event "XtraCon-Skakligaen"]
[Site "Denmark"]
[Date "2013.03.09"]
[Round "8.6"]
[White "Bank, Pelle Rodkjaer"]
[Black "Carstensen, Jacob"]
[Result "1/2-1/2"]
[WhiteElo "2220"]
[BlackElo "2362"]
[PlyCount "70"]
[EventDate "2012.10.27"]
[EventType "team-tourn"]
[EventRounds "9"]
[WhiteTeam "SK1968"]
[BlackTeam "Bronshoj"]
[WhiteTeamCountry "DEN"]
[BlackTeamCountry "DEN"]

1. d4 Nf6 2. Bg5 Ne4 3. Bf4 c5 4. f3 Qa5+ 5. c3 Nf6 6. d5 Qb6 7. e4 Qxb2 8. Nd2
Qxc3 9. Bc7 g6 10. Ne2 Qd3 11. Rb1 Bh6 12. Bf4 Bxf4 13. Nxf4 Qe3+ 14. Ne2 Qh6
15. Nc4 d6 16. Qa4+ Bd7 17. Qa5 b5 18. Nb6 axb6 19. Qxa8 O-O 20. Qa7 b4 21. a3
Qe3 22. axb4 Nxe4 23. fxe4 Qxe4 24. Rb2 Bf5 25. bxc5 Nd7 26. Rxb6 dxc5 27. Rb3
Qxd5 28. Qa3 c4 29. Re3 Ne5 30. Nf4 Qb5 31. Qc1 Qb4+ 32. Qd2 Qb1+ 33. Qd1 Qb4+
34. Qd2 Qb1+ 35. Qd1 Qb4+ 1/2-1/2

[Event "XtraCon-Skakligaen"]
[Site "Denmark"]
[Date "2013.03.09"]
[Round "8.7"]
[White "Aabling Thomsen, Jakob"]
[Black "Pedersen, Gunnar"]
[Result "0-1"]
[WhiteElo "2341"]
[BlackElo "2231"]
[PlyCount "80"]
[EventDate "2012.10.27"]
[EventType "team-tourn"]
[EventRounds "9"]
[WhiteTeam "Bronshoj"]
[BlackTeam "SK1968"]
[WhiteTeamCountry "DEN"]
[BlackTeamCountry "DEN"]

1. e4 c5 2. Nf3 e6 3. Nc3 a6 4. d4 b5 5. dxc5 Bxc5 6. Bd3 d6 7. O-O Nd7 8. Qe2
Ngf6 9. Bd2 O-O 10. a4 b4 11. Na2 a5 12. c3 Qb6 13. cxb4 axb4 14. Nc1 Ba6 15.
Bxa6 Qxa6 16. Nd3 d5 17. exd5 exd5 18. Bf4 Rfe8 19. Qd1 Ne4 20. Nxc5 Ndxc5 21.
Be3 Nd3 22. Qb3 Qc4 23. Qxc4 dxc4 24. Bd4 Red8 25. Rfd1 Nxb2 26. Re1 Nc3 27. a5
Nd3 28. Re7 Kf8 29. Re3 Nd5 30. Re2 b3 31. Nd2 N5f4 32. Re4 Rxd4 33. Rxd4 Ne2+
34. Kf1 Nxd4 35. Nxc4 Rc8 36. a6 Nb5 37. Ke2 Nf4+ 38. Ke3 Rxc4 39. a7 Nxa7 40.
Rxa7 Rb4 0-1

[Event "XtraCon-Skakligaen"]
[Site "Denmark"]
[Date "2013.03.09"]
[Round "8.8"]
[White "Sorensen, Torben Kyhl"]
[Black "Palm, Nikolaj"]
[Result "1/2-1/2"]
[WhiteElo "2179"]
[BlackElo "2307"]
[PlyCount "184"]
[EventDate "2012.10.27"]
[EventType "team-tourn"]
[EventRounds "9"]
[WhiteTeam "SK1968"]
[BlackTeam "Bronshoj"]
[WhiteTeamCountry "DEN"]
[BlackTeamCountry "DEN"]

1. e4 e5 2. Nf3 Nc6 3. Bc4 Bc5 4. c3 d6 5. O-O Bg4 6. d4 exd4 7. Qb3 Qd7 8. Ng5
Nh6 9. cxd4 Nxd4 10. Qxb7 O-O 11. Nc3 a6 12. e5 dxe5 13. Nge4 Bf3 14. gxf3
Nxf3+ 15. Kg2 Qg4+ 16. Ng3 Nh4+ 17. Kh1 Qxc4 18. Bxh6 gxh6 19. Qxc7 Qf4 20. Qc6
Rac8 21. Qe4 Qxe4+ 22. Ngxe4 Bd4 23. f4 f5 24. Ng3 e4 25. Nge2 Ba7 26. Rac1
Rfd8 27. Rfd1 Be3 28. Rxd8+ Rxd8 29. Rd1 Rd3 30. Ra1 Rd2 31. Rd1 Rxb2 32. Rd8+
Kf7 33. Rd7+ Ke8 34. Rxh7 Ng6 35. Rxh6 Nxf4 36. Nxf4 Bxf4 37. Rxa6 Rxh2+ 38.
Kg1 Rc2 39. Nxe4 fxe4 40. Re6+ Kd7 41. Rxe4 Bh2+ 42. Kf1 Rxa2 43. Re2 Ra1+ 44.
Kg2 Bd6 45. Kf3 Ra5 46. Re4 Be5 47. Rb4 Ke6 48. Ke4 Bd6 49. Rc4 Ra1 50. Kd3
Rd1+ 51. Ke4 Re1+ 52. Kd3 Be5 53. Ra4 Kf5 54. Rh4 Rc1 55. Rh5+ Ke6 56. Ke4 Rc4+
57. Kd3 Ra4 58. Rh7 Kd5 59. Rd7+ Bd6 60. Rd8 Ra3+ 61. Ke2 Ke6 62. Re8+ Kf5 63.
Re3 Ra2+ 64. Kd3 Bf4 65. Re8 Rd2+ 66. Kc3 Rd7 67. Kc4 Be5 68. Rg8 Rd1 69. Rg2
Bf4 70. Re2 Rd8 71. Re1 Rd2 72. Re7 Be5 73. Rh7 Ke4 74. Rh4+ Bf4 75. Kc5 Rc2+
76. Kb5 Ke5 77. Rh5+ Kd6 78. Rh3 Be5 79. Rd3+ Kc7 80. Rd5 Bd6 81. Rd4 Kd7 82.
Rd5 Kc7 83. Rh5 Kd7 84. Rh7+ Ke6 85. Rh5 Be5 86. Rh3 Kd5 87. Rh5 Rb2+ 88. Ka4
Kc4 89. Ka3 Bd4 90. Rh4 Rb1 91. Rh2 Rb8 92. Ka2 Ra8+ 1/2-1/2

[Event "XtraCon-Skakligaen"]
[Site "Denmark"]
[Date "2013.03.10"]
[Round "9.1"]
[White "Andersen, Mads"]
[Black "Hillarp Persson, Tiger"]
[Result "1-0"]
[WhiteElo "2461"]
[BlackElo "2556"]
[PlyCount "87"]
[EventDate "2012.10.27"]
[EventType "team-tourn"]
[EventRounds "9"]
[WhiteTeam "TeamNordeaSkb"]
[BlackTeam "Bronshoj"]
[WhiteTeamCountry "DEN"]
[BlackTeamCountry "DEN"]

1. c4 c6 2. Nf3 d5 3. e3 Nf6 4. Nc3 a6 5. d4 e6 6. Qc2 c5 7. cxd5 exd5 8. Be2
Nc6 9. Ne5 Qc7 10. Nxc6 bxc6 11. O-O Bd6 12. g3 O-O 13. b3 cxd4 14. exd4 Bh3
15. Re1 c5 16. Be3 Rae8 17. Nd1 Ne4 18. dxc5 Bxc5 19. Bxc5 d4 20. Rc1 Nxc5 21.
Qxc5 Qb7 22. Qc6 Qxc6 23. Rxc6 d3 24. Ne3 dxe2 25. Rxe2 a5 26. Ra6 Ra8 27. Rxa8
Rxa8 28. g4 h5 29. f3 a4 30. Kf2 axb3 31. axb3 h4 32. b4 Ra1 33. Nd5 Rf1+ 34.
Ke3 Rb1 35. Rf2 Bf1 36. Nc3 Re1+ 37. Kd2 Ra1 38. b5 Bc4 39. Ke3 Be6 40. Rb2 Rc1
41. Ne4 Bd5 42. b6 Bb7 43. Nd6 Re1+ 44. Re2 1-0

[Event "XtraCon-Skakligaen"]
[Site "Denmark"]
[Date "2013.03.10"]
[Round "9.2"]
[White "Aagaard, Jacob"]
[Black "Palo, Davor"]
[Result "0-1"]
[WhiteElo "2517"]
[BlackElo "2551"]
[PlyCount "24"]
[EventDate "2012.10.27"]
[EventType "team-tourn"]
[EventRounds "9"]
[WhiteTeam "Bronshoj"]
[BlackTeam "TeamNordeaSkb"]
[WhiteTeamCountry "DEN"]
[BlackTeamCountry "DEN"]

1. d4 f5 2. g3 Nf6 3. Bg2 g6 4. Nf3 Bg7 5. c4 O-O 6. b4 d6 7. O-O e5 8. dxe5
dxe5 9. Qb3 e4 10. c5+ Qd5 11. Ne5 Qxb3 12. axb3 Ng4 0-1

[Event "XtraCon-Skakligaen"]
[Site "Denmark"]
[Date "2013.03.10"]
[Round "9.3"]
[White "Pedersen, Nicolai Vesterbaek"]
[Black "Hoi, Carsten"]
[Result "0-1"]
[WhiteElo "2443"]
[BlackElo "2370"]
[PlyCount "76"]
[EventDate "2012.10.27"]
[EventType "team-tourn"]
[EventRounds "9"]
[WhiteTeam "TeamNordeaSkb"]
[BlackTeam "Bronshoj"]
[WhiteTeamCountry "DEN"]
[BlackTeamCountry "DEN"]

1. e4 e6 2. d4 d5 3. Nd2 Nf6 4. e5 Nfd7 5. Bd3 c5 6. c3 b6 7. Ne2 Ba6 8. Bxa6
Nxa6 9. f4 Qh4+ 10. g3 Qh3 11. Kf2 Be7 12. Nf1 O-O 13. Ng1 Qf5 14. Ne3 Qe4 15.
Nf3 cxd4 16. cxd4 f6 17. exf6 Bxf6 18. h4 Nb4 19. a3 Nc6 20. Nc2 Rac8 21. Re1
Qf5 22. Re2 Rfe8 23. Ne3 Qg6 24. b4 Be7 25. Qc2 Qh5 26. Qd3 Nf6 27. Nd2 a5 28.
b5 Nd8 29. Nd1 Ng4+ 30. Kg2 Bf6 31. Nf2 Nxf2 32. Rxf2 Nf7 33. Bb2 Nd6 34. a4
Nf5 35. Kg1 Qg6 36. Rg2 Nxd4 37. Qxg6 hxg6 38. Kf1 Nc2 0-1

[Event "XtraCon-Skakligaen"]
[Site "Denmark"]
[Date "2013.03.10"]
[Round "9.4"]
[White "Pilgaard, Kim"]
[Black "Pedersen, Steffen"]
[Result "1/2-1/2"]
[WhiteElo "2432"]
[BlackElo "2419"]
[PlyCount "67"]
[EventDate "2012.10.27"]
[EventType "team-tourn"]
[EventRounds "9"]
[WhiteTeam "Bronshoj"]
[BlackTeam "TeamNordeaSkb"]
[WhiteTeamCountry "DEN"]
[BlackTeamCountry "DEN"]

1. e4 c6 2. d4 d5 3. e5 Bf5 4. Nf3 e6 5. Be2 Nd7 6. O-O Bg6 7. Nbd2 Nh6 8. b3
Be7 9. c4 O-O 10. Bb2 Nf5 11. Ne1 dxc4 12. bxc4 Nb6 13. c5 Nd5 14. Nc4 b6 15.
Nd3 bxc5 16. dxc5 Rb8 17. Qd2 Bg5 18. f4 Be7 19. Nd6 Nfe3 20. Rfc1 Nxg2 21.
Kxg2 Bxd3 22. Bxd3 Rxb2 23. Bxh7+ Kxh7 24. Qxb2 Bxd6 25. cxd6 Nxf4+ 26. Kh1 c5
27. Qc2+ f5 28. exf6+ Kg8 29. Qe4 Rxf6 30. Rxc5 Nh3 31. Kg2 Nf4+ 32. Kh1 Nh3
33. Kg2 Nf4+ 34. Kh1 1/2-1/2

[Event "XtraCon-Skakligaen"]
[Site "Denmark"]
[Date "2013.03.10"]
[Round "9.5"]
[White "Kjeldsen, Jens"]
[Black "Bromann, Thorbjorn"]
[Result "1-0"]
[WhiteElo "2396"]
[BlackElo "2378"]
[PlyCount "87"]
[EventDate "2012.10.27"]
[EventType "team-tourn"]
[EventRounds "9"]
[WhiteTeam "TeamNordeaSkb"]
[BlackTeam "Bronshoj"]
[WhiteTeamCountry "DEN"]
[BlackTeamCountry "DEN"]

1. d4 e6 2. c4 f5 3. Nf3 Nf6 4. g3 d5 5. Bg2 c6 6. O-O Bd6 7. Nc3 O-O 8. Qc2
Bd7 9. Rb1 a5 10. c5 Bc7 11. Bf4 Be8 12. Na4 Nbd7 13. b4 Bxf4 14. gxf4 axb4 15.
Rxb4 Qa5 16. Rfb1 Ne4 17. Ne5 Nxe5 18. fxe5 Ra7 19. f3 Ng5 20. Nc3 Qc7 21. Qb2
Bg6 22. Rxb7 Rxb7 23. Qxb7 Qxb7 24. Rxb7 Ra8 25. a4 Kf8 26. Kf2 Nf7 27. e3 Nd8
28. Rb6 Ke7 29. Ke2 Kd7 30. Kd2 Kc7 31. Bf1 Bh5 32. f4 h6 33. Kc2 g5 34. Kb3
Bf3 35. Kb4 Nb7 36. Ba6 Ra7 37. Nb5+ cxb5 38. axb5 Nd8 39. Rd6 Rxa6 40. Rxa6
Be2 41. Ra7+ Kb8 42. Rh7 gxf4 43. exf4 h5 44. c6 1-0

[Event "XtraCon-Skakligaen"]
[Site "Denmark"]
[Date "2013.03.10"]
[Round "9.6"]
[White "Carstensen, Jacob"]
[Black "Berg, Klaus"]
[Result "1/2-1/2"]
[WhiteElo "2362"]
[BlackElo "2390"]
[PlyCount "38"]
[EventDate "2012.10.27"]
[EventType "team-tourn"]
[EventRounds "9"]
[WhiteTeam "Bronshoj"]
[BlackTeam "TeamNordeaSkb"]
[WhiteTeamCountry "DEN"]
[BlackTeamCountry "DEN"]

1. d4 Nf6 2. c4 c5 3. d5 b5 4. cxb5 a6 5. b6 e6 6. Nc3 Nxd5 7. Nxd5 exd5 8.
Qxd5 Nc6 9. Nf3 Rb8 10. e4 Be7 11. Bc4 O-O 12. O-O Rxb6 13. Qh5 d6 14. Rd1 Be6
15. Bxe6 fxe6 16. Ng5 Bxg5 17. Bxg5 Qc7 18. b3 Nd4 19. Qh3 Qf7 1/2-1/2

[Event "XtraCon-Skakligaen"]
[Site "Denmark"]
[Date "2013.03.10"]
[Round "9.7"]
[White "Boe, Mads"]
[Black "Aabling Thomsen, Jakob"]
[Result "1-0"]
[WhiteElo "2362"]
[BlackElo "2341"]
[PlyCount "73"]
[EventDate "2012.10.27"]
[EventType "team-tourn"]
[EventRounds "9"]
[WhiteTeam "TeamNordeaSkb"]
[BlackTeam "Bronshoj"]
[WhiteTeamCountry "DEN"]
[BlackTeamCountry "DEN"]

1. f4 g6 2. Nf3 Bg7 3. g3 d6 4. d3 e5 5. Bg2 exf4 6. gxf4 d5 7. O-O d4 8. c3 c5
9. e4 dxe3 10. Bxe3 Nd7 11. d4 Nh6 12. dxc5 O-O 13. Na3 Nf5 14. Bf2 Qc7 15. Nd4
Qxf4 16. Nxf5 Qxf5 17. Nc4 Qg5 18. Qd5 Qxd5 19. Bxd5 Nf6 20. Bf3 Ng4 21. Bg3
Be6 22. Nd6 a5 23. Rfe1 Nh6 24. Bxb7 Rad8 25. c6 Nf5 26. Nxf5 Bxf5 27. Rad1
Rxd1 28. Rxd1 Be4 29. Re1 Bf5 30. c7 Bc8 31. Bxc8 Rxc8 32. Rd1 Bf6 33. a4 Kf8
34. b4 Ke8 35. b5 Be7 36. b6 Bc5+ 37. Bf2 1-0

[Event "XtraCon-Skakligaen"]
[Site "Denmark"]
[Date "2013.03.10"]
[Round "9.8"]
[White "Palm, Nikolaj"]
[Black "Andersen, Jackie"]
[Result "1/2-1/2"]
[WhiteElo "2307"]
[BlackElo "2345"]
[PlyCount "33"]
[EventDate "2012.10.27"]
[EventType "team-tourn"]
[EventRounds "9"]
[WhiteTeam "Bronshoj"]
[BlackTeam "TeamNordeaSkb"]
[WhiteTeamCountry "DEN"]
[BlackTeamCountry "DEN"]

1. d4 g6 2. e4 Bg7 3. Nc3 d6 4. Be3 Nd7 5. Qd2 c6 6. f3 e5 7. Nge2 Ngf6 8. g4
Qe7 9. Ng3 h5 10. g5 Nh7 11. h4 O-O 12. O-O-O b5 13. f4 exf4 14. Bxf4 Nb6 15.
Be2 Re8 16. Rhe1 Nf8 17. e5 1/2-1/2

[Event "XtraCon-Skakligaen"]
[Site "Denmark"]
[Date "2013.03.10"]
[Round "9.2"]
[White "Rasmussen, Karsten"]
[Black "Hansen, Lars"]
[Result "1-0"]
[WhiteElo "2435"]
[BlackElo "2267"]
[PlyCount "95"]
[EventDate "2012.10.27"]
[EventType "team-tourn"]
[EventRounds "9"]
[WhiteTeam "Aarhus/Skolerne"]
[BlackTeam "SK1968"]
[WhiteTeamCountry "DEN"]
[BlackTeamCountry "DEN"]

1. Nf3 d5 2. c4 dxc4 3. e3 Nf6 4. Bxc4 e6 5. O-O c5 6. Qe2 a6 7. Rd1 b5 8. Bb3
Bb7 9. a4 Nbd7 10. d4 Be7 11. dxc5 Bxc5 12. Ne5 Qb8 13. Nxd7 Nxd7 14. e4 Qe5
15. axb5 axb5 16. Rxa8+ Bxa8 17. Nc3 b4 18. Na4 Bc6 19. Bc2 O-O 20. Nxc5 Qxc5
21. Be3 Qa5 22. Qc4 Bb5 23. Qd4 Rc8 24. Bb3 Nf6 25. f3 Ba6 26. Bd2 h6 27. Bxh6
e5 28. Qd6 Bc4 29. Bxc4 Rxc4 30. Be3 Rc2 31. Qd8+ Qxd8 32. Rxd8+ Kh7 33. Rd2
Rc1+ 34. Kf2 Kg6 35. Ke2 Rc6 36. Kd1 Ne8 37. Rd5 f6 38. Rb5 Nd6 39. Rxb4 Nc4
40. Bc1 f5 41. exf5+ Kxf5 42. b3 Nd6 43. Be3 e4 44. Kd2 Ra6 45. Ra4 Rc6 46. g4+
Ke5 47. f4+ Ke6 48. f5+ 1-0

[Event "XtraCon-Skakligaen"]
[Site "Denmark"]
[Date "2013.03.10"]
[Round "9.3"]
[White "Lindfeldt, Jan Magnus"]
[Black "Skytte, Rasmus"]
[Result "1/2-1/2"]
[WhiteElo "2269"]
[BlackElo "2406"]
[PlyCount "36"]
[EventDate "2012.10.27"]
[EventType "team-tourn"]
[EventRounds "9"]
[WhiteTeam "SK1968"]
[BlackTeam "Aarhus/Skolerne"]
[WhiteTeamCountry "DEN"]
[BlackTeamCountry "DEN"]

1. e4 c5 2. Nf3 e6 3. Nc3 Nc6 4. Bb5 Nd4 5. O-O a6 6. Bd3 Nc6 7. Re1 g5 8. Kh1
Bg7 9. Bf1 g4 10. Ng1 h5 11. d3 d6 12. Bf4 Nge7 13. Qd2 e5 14. Bg5 f6 15. Be3
Be6 16. f4 gxf3 17. Nxf3 Qc7 18. Nh4 O-O-O 1/2-1/2

[Event "XtraCon-Skakligaen"]
[Site "Denmark"]
[Date "2013.03.10"]
[Round "9.4"]
[White "Christensen, Tobias"]
[Black "Matthiesen, Martin"]
[Result "1-0"]
[WhiteElo "2362"]
[BlackElo "2266"]
[PlyCount "85"]
[EventDate "2012.10.27"]
[EventType "team-tourn"]
[EventRounds "9"]
[WhiteTeam "Aarhus/Skolerne"]
[BlackTeam "SK1968"]
[WhiteTeamCountry "DEN"]
[BlackTeamCountry "DEN"]

1. e4 c5 2. Nf3 d6 3. d4 cxd4 4. Nxd4 Nf6 5. Nc3 a6 6. Be3 e5 7. Nb3 Be6 8. Qd2
Be7 9. f3 O-O 10. O-O-O Nbd7 11. g4 b5 12. g5 b4 13. gxf6 bxc3 14. Qxc3 Nxf6
15. Na5 Qd7 16. Qc6 Rfc8 17. Qxd7 Nxd7 18. b3 Rc3 19. Rd3 Rxd3 20. Bxd3 d5 21.
Rd1 d4 22. Bd2 f6 23. Bc4 Kf7 24. c3 dxc3 25. Bxc3 Nb6 26. Be2 g5 27. Kc2 Ke8
28. Nc6 Nc8 29. Ba5 Bd6 30. Nb4 Kf7 31. Nxa6 h5 32. b4 g4 33. fxg4 Bxg4 34.
Bc4+ Be6 35. Bxe6+ Kxe6 36. b5 Na7 37. a4 Rg8 38. Kb3 Rg4 39. Bc7 Be7 40. b6
Nc6 41. b7 Rxe4 42. Rc1 Re3+ 43. Ka2 1-0

[Event "XtraCon-Skakligaen"]
[Site "Denmark"]
[Date "2013.03.10"]
[Round "9.5"]
[White "Rewitz, Poul"]
[Black "Pedersen, Finn"]
[Result "0-1"]
[WhiteElo "2252"]
[BlackElo "2291"]
[PlyCount "112"]
[EventDate "2012.10.27"]
[EventType "team-tourn"]
[EventRounds "9"]
[WhiteTeam "SK1968"]
[BlackTeam "Aarhus/Skolerne"]
[WhiteTeamCountry "DEN"]
[BlackTeamCountry "DEN"]

1. d4 d5 2. Bf4 Nf6 3. e3 e6 4. Nf3 Be7 5. c4 Nh5 6. Bg3 Nd7 7. Qc2 c6 8. cxd5
exd5 9. Bd3 g6 10. Nc3 O-O 11. a3 f5 12. Be5 Nhf6 13. Bxf6 Bxf6 14. O-O Qe7 15.
Ne2 Re8 16. b4 a6 17. Qb3 Nb6 18. Rac1 Be6 19. Nd2 Bf7 20. a4 Rec8 21. Rc2 Bg7
22. Rb1 Rc7 23. Rbc1 Bf8 24. Rb1 Nc8 25. Nf4 b5 26. a5 Nd6 27. Bf1 Nc4 28. Nd3
Qf6 29. Nf3 Bd6 30. g3 g5 31. Nc5 Re7 32. Qc3 f4 33. exf4 gxf4 34. Nh4 Bg6 35.
Nxg6 hxg6 36. Re2 Bxc5 37. bxc5 Rae8 38. Rbe1 Rxe2 39. Rxe2 Rb8 40. Bh3 b4 41.
Qd3 Kg7 42. Re6 Qg5 43. Rxc6 b3 44. Rb6 Nxb6 45. axb6 b2 46. Bf1 fxg3 47. hxg3
Qc1 48. Qe2 Kh6 49. Qg4 Re8 50. Qh3+ Kg7 51. Qd7+ Kf8 52. Qd6+ Kf7 53. Qxd5+
Re6 54. Qd7+ Re7 55. Qd5+ Kg7 56. Qd6 Qe1 0-1

[Event "XtraCon-Skakligaen"]
[Site "Denmark"]
[Date "2013.03.10"]
[Round "9.6"]
[White "Ochsner, Thomas"]
[Black "Bank, Pelle Rodkjaer"]
[Result "1/2-1/2"]
[WhiteElo "2317"]
[BlackElo "2220"]
[PlyCount "66"]
[EventDate "2012.10.27"]
[EventType "team-tourn"]
[EventRounds "9"]
[WhiteTeam "Aarhus/Skolerne"]
[BlackTeam "SK1968"]
[WhiteTeamCountry "DEN"]
[BlackTeamCountry "DEN"]

1. e4 e6 2. d4 d5 3. Nd2 c5 4. exd5 Qxd5 5. Ngf3 cxd4 6. Bc4 Qd6 7. O-O Nf6 8.
Nb3 Nc6 9. Nbxd4 Nxd4 10. Qxd4 Bd7 11. Be3 Rc8 12. Ne5 Ng4 13. Nxg4 Qxd4 14.
Bxd4 Rxc4 15. Rfd1 f6 16. Ne3 Ra4 17. b3 Ra6 18. a4 Bc6 19. Rd2 Bb4 20. c3 Be7
21. Nc2 Kf7 22. Nb4 Bxb4 23. cxb4 b5 24. a5 Rd8 25. Be3 Rxd2 26. Bxd2 Bd5 27.
Be3 Bxb3 28. h4 Ke7 29. Kh2 Kd7 30. Rc1 Bc4 31. Rd1+ Bd5 32. Rc1 Bc4 33. Rd1+
Bd5 1/2-1/2

[Event "XtraCon-Skakligaen"]
[Site "Denmark"]
[Date "2013.03.10"]
[Round "9.7"]
[White "Pedersen, Gunnar"]
[Black "Rendboe, John Filip"]
[Result "1-0"]
[WhiteElo "2231"]
[BlackElo "2233"]
[PlyCount "37"]
[EventDate "2012.10.27"]
[EventType "team-tourn"]
[EventRounds "9"]
[WhiteTeam "SK1968"]
[BlackTeam "Aarhus/Skolerne"]
[WhiteTeamCountry "DEN"]
[BlackTeamCountry "DEN"]

1. d4 d5 2. c4 e6 3. Nf3 Nf6 4. g3 Be7 5. Bg2 O-O 6. O-O dxc4 7. Qc2 a6 8. a4
Nbd7 9. Qxc4 c5 10. dxc5 Nxc5 11. Be3 Qd5 12. Nbd2 Qxc4 13. Nxc4 Nd5 14. Bxc5
Bxc5 15. Nfe5 Rd8 16. Rfd1 f5 17. Rac1 b6 18. b4 Bxb4 19. Nc6 1-0

[Event "XtraCon-Skakligaen"]
[Site "Denmark"]
[Date "2013.03.10"]
[Round "9.8"]
[White "Hagen, Kresten Skytte"]
[Black "Sorensen, Torben Kyhl"]
[Result "1-0"]
[WhiteElo "2186"]
[BlackElo "2179"]
[PlyCount "81"]
[EventDate "2012.10.27"]
[EventType "team-tourn"]
[EventRounds "9"]
[WhiteTeam "Aarhus/Skolerne"]
[BlackTeam "SK1968"]
[WhiteTeamCountry "DEN"]
[BlackTeamCountry "DEN"]

1. Nf3 Nf6 2. c4 g6 3. Nc3 d5 4. cxd5 Nxd5 5. e4 Nxc3 6. dxc3 Qxd1+ 7. Kxd1 e6
8. Be3 Be7 9. Kc2 O-O 10. Be2 Nd7 11. b4 a5 12. a3 Nf6 13. Nd2 e5 14. f3 axb4
15. axb4 Be6 16. Bc4 Bxc4 17. Nxc4 Rxa1 18. Rxa1 b5 19. Nxe5 Bd6 20. Bd4 Nh5
21. Ng4 f6 22. Ra5 Rb8 23. Bxf6 Bxh2 24. Nxh2 Nxf6 25. Ra7 Ne8 26. Ng4 Kf7 27.
Ne5+ Ke6 28. Nc6 Rb6 29. Nd4+ Kd7 30. Kd3 Ng7 31. Ra8 Ne6 32. Nxe6 Rxe6 33. Rb8
Kc6 34. Rd8 g5 35. Rd5 g4 36. f4 h6 37. Ke3 Kb6 38. f5 Rc6 39. Rd3 h5 40. Kf4
Rh6 41. e5 1-0

[Event "XtraCon-Skakligaen"]
[Site "Denmark"]
[Date "2013.03.10"]
[Round "9.1"]
[White "Kristiansen, Jens"]
[Black "Hansen, Soren Bech"]
[Result "1/2-1/2"]
[WhiteElo "2419"]
[BlackElo "2329"]
[PlyCount "93"]
[EventDate "2012.10.27"]
[EventType "team-tourn"]
[EventRounds "9"]
[WhiteTeam "BMSSkak"]
[BlackTeam "Obro"]
[WhiteTeamCountry "DEN"]
[BlackTeamCountry "DEN"]

1. d4 f5 2. Nc3 Nf6 3. Bg5 d5 4. Bxf6 exf6 5. e3 c6 6. Bd3 Na6 7. Bxa6 bxa6 8.
Nge2 Bd6 9. O-O Qc7 10. f4 O-O 11. Qd3 Rb8 12. b3 Re8 13. Na4 a5 14. Rfe1 g6
15. Rad1 Qe7 16. Nc1 Kg7 17. Qd2 Bb4 18. c3 Bd6 19. Nd3 Ba6 20. Nac5 Bxd3 21.
Nxd3 Qb7 22. Qc2 Re7 23. Kf2 Rbe8 24. c4 Qa6 25. Rc1 Ba3 26. Rb1 Bd6 27. a4 Bb4
28. Re2 Qb6 29. h3 h5 30. Rg1 h4 31. g4 hxg3+ 32. Rxg3 Kf7 33. Kf1 Rh8 34. Reg2
Rh6 35. Kf2 c5 36. dxc5 Bxc5 37. Nxc5 Qxc5 38. Qd3 dxc4 39. bxc4 Rc7 40. Qd5+
Qxd5 41. cxd5 Rd7 42. Kf3 Rxd5 43. Rc2 Rd7 44. Rc5 Rh8 45. Rxa5 Rc8 46. Rg2 Re7
47. h4 1/2-1/2

[Event "XtraCon-Skakligaen"]
[Site "Denmark"]
[Date "2013.03.10"]
[Round "9.2"]
[White "Skousen, Nikolai"]
[Black "Sahl, Bjarke"]
[Result "1/2-1/2"]
[WhiteElo "2198"]
[BlackElo "2355"]
[PlyCount "92"]
[EventDate "2012.10.27"]
[EventType "team-tourn"]
[EventRounds "9"]
[WhiteTeam "Obro"]
[BlackTeam "BMSSkak"]
[WhiteTeamCountry "DEN"]
[BlackTeamCountry "DEN"]

1. c4 Nf6 2. g3 g6 3. Bg2 Bg7 4. Nc3 O-O 5. e4 d6 6. Nge2 c5 7. O-O Nc6 8. d3
Bd7 9. h3 Ne8 10. Be3 Nc7 11. d4 cxd4 12. Nxd4 Ne6 13. Nde2 Ne5 14. b3 Bc6 15.
Rb1 a6 16. f4 Nd7 17. f5 Nc7 18. Qd2 Rc8 19. Bh6 Ne5 20. Nd4 Bd7 21. a4 b5 22.
Bxg7 Kxg7 23. cxb5 axb5 24. axb5 Rb8 25. Rf2 Bxb5 26. Ndxb5 Nxb5 27. Nd5 Nc7
28. Nxe7 f6 29. Nd5 Nxd5 30. Qxd5 Rb4 31. Rd2 Qb6+ 32. Kh2 Nf7 33. Rc2 Qe3 34.
fxg6 hxg6 35. Qe6 Qd4 36. Rc4 Rxc4 37. bxc4 Ne5 38. Rb7+ Rf7 39. Rxf7+ Nxf7 40.
h4 Ne5 41. Qe7+ Nf7 42. Qe6 Ne5 43. Qe7+ Nf7 44. Qe6 Ne5 45. Qe7+ Nf7 46. Qe6
Ne5 1/2-1/2

[Event "XtraCon-Skakligaen"]
[Site "Denmark"]
[Date "2013.03.10"]
[Round "9.3"]
[White "Rostgaard, Tobias Valentin"]
[Black "Jorgensen, Dennis"]
[Result "1/2-1/2"]
[WhiteElo "2229"]
[BlackElo "2207"]
[PlyCount "64"]
[EventDate "2012.10.27"]
[EventType "team-tourn"]
[EventRounds "9"]
[WhiteTeam "BMSSkak"]
[BlackTeam "Obro"]
[WhiteTeamCountry "DEN"]
[BlackTeamCountry "DEN"]

1. d4 d5 2. c4 c6 3. e3 Nf6 4. Nc3 g6 5. Nf3 Bg7 6. Be2 O-O 7. O-O dxc4 8. Bxc4
Bg4 9. h3 Bxf3 10. Qxf3 Nbd7 11. Bb3 e5 12. Rd1 exd4 13. exd4 Nb6 14. Bg5 Qd6
15. Bf4 Qb4 16. Be5 Nbd7 17. Re1 Rae8 18. Rad1 Re7 19. Re3 Rfe8 20. Rde1 Nh5
21. Bxg7 Kxg7 22. a3 Qd6 23. Ne4 Qxd4 24. Ng5 Ne5 25. Rxe5 Rxe5 26. Rxe5 Qxe5
27. Qxf7+ Kh6 28. Ne6 Qe1+ 29. Kh2 Qe5+ 30. Kg1 Qe1+ 31. Kh2 Qe5+ 32. Kg1 Qe1+
1/2-1/2

[Event "XtraCon-Skakligaen"]
[Site "Denmark"]
[Date "2013.03.10"]
[Round "9.4"]
[White "Kaaber Hansen, Jacob"]
[Black "Nielsen, Thomas Bach"]
[Result "1/2-1/2"]
[WhiteElo "2257"]
[BlackElo "2188"]
[PlyCount "120"]
[EventDate "2012.10.27"]
[EventType "team-tourn"]
[EventRounds "9"]
[WhiteTeam "Obro"]
[BlackTeam "BMSSkak"]
[WhiteTeamCountry "DEN"]
[BlackTeamCountry "DEN"]

1. e4 c6 2. d4 d5 3. Nc3 dxe4 4. Nxe4 Bf5 5. Ng3 Bg6 6. h4 h6 7. Nf3 Nd7 8. h5
Bh7 9. Bd3 Bxd3 10. Qxd3 e6 11. Bd2 Ngf6 12. O-O-O Be7 13. Ne4 Nxe4 14. Qxe4
Nf6 15. Qd3 O-O 16. g4 Nxg4 17. Rhg1 f5 18. Qe2 Kh7 19. Ne5 Nxe5 20. dxe5 Rf7
21. Bb4 Bg5+ 22. Kb1 Rd7 23. Bd6 Qe8 24. c4 b6 25. c5 bxc5 26. f4 Bxf4 27. Rg6
Rad8 28. Rdg1 Bg5 29. Qc4 Rxd6 30. exd6 Rxd6 31. a3 Qd7 32. Qxc5 Rd5 33. Qc4
Rd4 34. Qb3 c5 35. Rxe6 c4 36. Qc3 Bd2 37. Re7 Qxe7 38. Qxd4 c3 39. bxc3 Be3
40. Re1 Qb7+ 41. Qb4 Qd5 42. Qb2 Bg5 43. Qc2 Bf6 44. c4 Qf3 45. Rd1 Qxh5 46. c5
Qf3 47. Ka2 Be7 48. Rd7 Bf8 49. Rd8 Be7 50. Rd7 Bf8 51. Rd3 Qc6 52. Rc3 g6 53.
Qb3 h5 54. Rc2 Bg7 55. Qc4 a5 56. a4 g5 57. Kb3 g4 58. Qd3 Qe6+ 59. Rc4 Qe5 60.
Rc2 Qf4 1/2-1/2